=LDR 00000nam 2200000 4500 =001 INLIS000000000003809 =005 20130612092119 =008 ***********************************Ind** =035 ##$$0010-061300000003809 =041 ##$$a Ind =082 ##$$a 507 =090 ##$$a 507, Ahm =100 ##$$a Ahmadi, Abu =245 ##$$a Ilmu alamiah dasar, Drs.H.Abu Ahmadi =260 ##$$a 1991 $b Jakarta =300 ##$$a viii, 199 hlm., 21 cm =650 ##$$a Ilmu alam =850 ##$$a NBPNMAT =990 ##$$a 10606378 =990 ##$$a 10606379 =990 ##$$a 10606380 =990 ##$$a 10606381 =990 ##$$a DW99000129 =990 ##$$a DW99000130 =990 ##$$a DW99000131 =990 ##$$a 1038551 =990 ##$$a 21004434 =990 ##$$a 21004435 =990 ##$$a 21004436